|
|
|
|
| LEADER |
00754cam a2200205 7i4500 |
| 001 |
0000024441 |
| 005 |
20100505090000.0 |
| 020 |
0 |
0 |
|a 978-1-58239-055-0
|
| 090 |
0 |
0 |
|a AM.N 382.5025
|b INT
|
| 245 |
0 |
0 |
|a The International directory of importers :
|b North America 2010.
|
| 250 |
0 |
0 |
|a 20th rev ed.
|
| 260 |
0 |
0 |
|a Poulsbo,WA:
|b Interdata,
|c 2010.
|
| 300 |
# |
# |
|a 524 p.
|
| 650 |
0 |
0 |
|a Imports --
|x Directories --
|z North America
|
| 651 |
0 |
0 |
|a United States of America
|
| 651 |
0 |
0 |
|a Canada
|
| 999 |
|
|
|a JHR000203B
|b Directories
|c Regions
|e MATRADE Southern Regional Office
|
| 999 |
|
|
|a PNG000910B
|b Directories
|c Regions
|e MATRADE Northern Regional Office
|
| 999 |
|
|
|a SBH000880B
|b Directories
|c Regions
|e MATRADE Sabah
|
| 999 |
|
|
|a SRW000307B
|b Directories
|c Regions
|e MATRADE Sarawak
|